000 01511nam a22003497a 4500
001 15247931
005 20230120101009.0
007 cr unu||||||||
008 230120b |||||||| |||| 00| 0 eng d
010 _a 2008371744
020 _a9780855985752 (pbk)
035 _a(OCoLC)ocn181732703
040 _aUUM
_cKMU
_dCUS
_dUKM
_dBTCTA
_dYDXCP
_dBWK
_dBAKER
_dDLC
042 _alccopycat
050 0 0 _aHD3121
_b.P46 2007
100 1 _aPenrose-Buckley, Chris.
245 1 0 _aProducer organisations :
_ba guide to developing collective rural enterprises /
_cChris Penrose-Buckley.
260 _aLondon :
_bOxfam GB,
_c2007.
300 _axiv, 186 p. :
_bill. ;
_c22 cm.
440 0 _aOxfam skills and practice
504 _aIncludes bibliographical references (p. 170-177) and index.
530 _aAlso issued online.
650 0 _aProducer cooperatives.
650 0 _aRural development.
856 4 1 _uhttp://bibpurl.oclc.org/web/20961
_uhttp://www.oxfam.org.uk/resources/downloads/produorgs_book.pdf
856 4 2 _3Publisher description
_uhttp://www.loc.gov/catdir/enhancements/fy1116/2008371744-d.html
856 4 1 _3Table of contents only
_uhttp://www.loc.gov/catdir/enhancements/fy1116/2008371744-t.html
856 4 2 _3Contributor biographical information
_uhttp://www.loc.gov/catdir/enhancements/fy1207/2008371744-b.html
906 _a7
_bcbc
_ccopycat
_d2
_encip
_f20
_gy-gencatlg
942 _2lcc
_cBK
_n0
999 _c153
_d153